Statistics for Countries with Peruvian Embassies

Click here to take the quiz!

General Stats

  • This quiz has been taken 37 times
  • The average score is 54 of 63

Answer Stats

Country with Peruvian embassy % Correct
Mexico
100%
Russia
100%
Spain
100%
France
100%
Italy
100%
United States
100%
India
97%
United Kingdom
97%
Germany
97%
Argentina
97%
Turkey
97%
Ecuador
97%
Uruguay
97%
Costa Rica
97%
Honduras
97%
Norway
97%
Paraguay
97%
Canada
97%
Brazil
97%
Poland
97%
Portugal
97%
Sweden
97%
Panama
94%
Japan
94%
South Korea
94%
China
94%
Austria
94%
Venezuela
94%
Cuba
94%
Greece
94%
Colombia
94%
Guatemala
91%
Australia
91%
Finland
91%
Belgium
91%
Chile
91%
Switzerland
91%
Nicaragua
91%
Saudi Arabia
88%
South Africa
88%
Egypt
88%
Ireland
88%
Indonesia
88%
Netherlands
88%
El Salvador
84%
Israel
81%
Bolivia
78%
United Arab Emirates
78%
Algeria
75%
Romania
75%
Qatar
75%
Morocco
75%
Dominican Republic
75%
Vietnam
75%
Malaysia
69%
Czech Republic
69%
Singapore
63%
Thailand
63%
Trinidad and Tobago
53%
Kuwait
50%
Vatican City
44%
Ghana
34%
Azerbaijan
34%

Score Distribution

Percentile by Number Answered

Percent of People with Each Score

Your Score History

You have not taken this quiz